[Event "Brasschaat op 10th"]
[Site "Brasschaat"]
[Date "2010.08.14"]
[Round "1"]
[White "Ramacker, Nico"]
[Black "Dardha, Arben"]
[Result "0-1"]
[WhiteElo "1735"]
[BlackElo "2290"]
[PlyCount "45"]
[EventDate "2010.08.14"]
[EventType "swiss"]
[EventRounds "9"]
[EventCountry "BEL"]
[SourceTitle "CBM 138 Extra"]
[Source "ChessBase"]
[SourceDate "2010.10.29"]
[SourceVersion "1"]
[SourceVersionDate "2010.10.29"]
[SourceQuality "1"]

1. d4 c5 2. Nf3 cxd4 3. Nxd4 e5 4. Nb3 Nf6 5. Nc3 Nc6 6. Bd2 d5 7. e3 Bf5 8. f4 exf4 9. exf4 d4 10. Na4 Qd5 11. c4 Qe4+ 12. Qe2 Bd6 13. Nac5 Qxe2+ 14. Bxe2 b6 15. Bf3 0-0-0 16. Bxc6 bxc5 17. Ba5 Bc7 18. 0-0-0 Bxf4+ 19. Nd2 Rd6 20. Ba4 Ra6 21. Rhf1 Nh5 22. Rxf4 Nxf4 23. Nb3 0-1